Zákon o pobyte cudzincov - služby zamestnanosti
Efektívnejšia úprava pobytu štátnych príslušníkov tretích krajín. Zmeny zákona o pobyte cudzincov. Výkon práce cudzincov podľa zmeneného Zákonníka práce. Zákon o službách zamestnanosti a cudzinci.
Gespeichert in:
| 1. Verfasser: | |
|---|---|
| Format: | Buchkapitel |
| Sprache: | Slowakisch |
| Schlagworte: | |
| Tags: |
Keine Tags, Fügen Sie das erste Tag hinzu!
|
MARC
| LEADER | 00000naa a2200000 4500 | ||
|---|---|---|---|
| 001 | 0231227 | ||
| 005 | 20170605125941.1 | ||
| 041 | 0 | |a slo | |
| 044 | |a SK | ||
| 245 | 1 | 0 | |a Zákon o pobyte cudzincov - služby zamestnanosti |c Mariana Matulková |
| 520 | |a Efektívnejšia úprava pobytu štátnych príslušníkov tretích krajín. Zmeny zákona o pobyte cudzincov. Výkon práce cudzincov podľa zmeneného Zákonníka práce. Zákon o službách zamestnanosti a cudzinci. | ||
| 610 | 2 | 0 | |a cudzinci |
| 610 | 2 | 0 | |a krajiny tretie |
| 610 | 2 | 0 | |a pobyt cudzincov |
| 610 | 2 | 0 | |a úpravy právne |
| 610 | 2 | 0 | |a služby zamestnanosti |
| 100 | 1 | |a Matulková, Mariana | |